Sant Raidas (Record no. 21925)

MARC details
000 -LEADER
fixed length control field 00360nam a2200145Ia 4500
008 - FIXED-LENGTH DATA ELEMENTS--GENERAL INFORMATION
fixed length control field 230917s9999||||xx |||||||||||||| ||und||
020 ## - ISBN
Price RS275
040 ## - CATALOGING SOURCE
-- 238821
Original cataloging agency VIVEKANANDA LIBRARY
041 ## - Language
-- English
100 ## - MAIN ENTRY--PERSONAL NAME
Personal name Singh, Yogender
245 #0 - TITLE STATEMENT
Title Sant Raidas
260 ## - PUBLICATION, DISTRIBUTION, ETC. (IMPRINT)
Name of publisher, distributor, etc Lokbharati
500 ## - GENERAL NOTE
General note 2667 10/03/2017 RAJ17/8946 14/03/2017 Sant Kabir Chair
942 ## - ADDED ENTRY ELEMENTS (KOHA)
Koha item type Books
Holdings
Withdrawn status Lost status Damaged status Not for loan Location (home branch) Sublocation or collection (holding branch) Date acquired Koha issues (times borrowed) Accession No. Koha date last seen Koha item type
        VIVEKANANDA LIBRARY VIVEKANANDA LIBRARY     361534 17/09/2023 Books
© Designed and Maintained by Vivekananda Library, MDU Rohtak